Desarrollo industrial e inserción internacional (Registro nro. 6605)
[ vista simple ]
| 000 -LEADER | |
|---|---|
| fixed length control field | 01090 a2200193 4500 |
| 001 - CONTROL NUMBER | |
| control field | 59175 |
| 005 - DATE AND TIME OF LATEST TRANSACTION | |
| control field | 20260407155846.0 |
| 008 - FIXED-LENGTH DATA ELEMENTS--GENERAL INFORMATION | |
| fixed length control field | 260407a1988 arg spa d |
| 003 - CONTROL NUMBER IDENTIFIER | |
| control field | AR-UNSa-BCEJYS |
| 040 ## - CATALOGING SOURCE | |
| Original cataloging agency | AR-UNSa-BCEJYS |
| Language of cataloging | spa |
| Transcribing agency | AR-UNSa-BCEJYS |
| 080 ## - UNIVERSAL DECIMAL CLASSIFICATION NUMBER | |
| Universal Decimal Classification number | 339.9 |
| Common auxiliary subdivision | Economía internacional en general. Relaciones económicas internacionales. Economía mundial |
| 100 1# - MAIN ENTRY--PERSONAL NAME | |
| Personal name | Bustos, Pablo |
| 245 10 - TITLE STATEMENT | |
| Title | Desarrollo industrial e inserción internacional |
| 264 #1 - PRODUCTION, PUBLICATION, DISTRIBUTION, MANUFACTURE, AND COPYRIGHT NOTICE | |
| Place of production, publication, distribution, manufacture | Buenos Aires : |
| Name of producer, publisher, distributor, manufacturer | Fundación Friedrich Ebert |
| Date of production, publication, distribution, manufacture, or copyright notice | 1988 |
| 300 ## - PHYSICAL DESCRIPTION | |
| Extent | 92 p. |
| Dimensions | 21 cm. |
| 505 ## - FORMATTED CONTENTS NOTE | |
| Formatted contents note | 1. Competitividad internacional de la industria: presente y futuro – 2. Sustitución de importaciones, exportaciones industriales y exportaciones agropecuarias. ¿ Verdaderas o falsas antinomias? – 3. El desarrollo industrial y la tecnología – 4. Instrumentos concretos de inserción en la economía mundial: protección y promoción – 5. Instrumentos concretos de inserción en la economía mundial: exportaciones industriales – 6. Resumen y conclusiones |
| 590 ## - LOCAL NOTE (RLIN) | |
| Local note | niveau_biblio:m niveau_hierar:0 |
| 942 ## - ADDED ENTRY ELEMENTS (KOHA) | |
| Koha item type | |
| Withdrawn status | Lost status | Damaged status | Not for loan | Home library | Current library | Shelving location | Date acquired | Total checkouts | Full call number | Barcode | Date last seen | Price effective from | Koha item type |
|---|---|---|---|---|---|---|---|---|---|---|---|---|---|
| Biblioteca Prof. Eusebio Cleto del Rey | Biblioteca Prof. Eusebio Cleto del Rey | 07/04/2026 | 339.9 B982 | L45991 | 07/04/2026 | 07/04/2026 | Libro |